| 000 | 00735nam a22002177a 4500 | ||
|---|---|---|---|
| 999 |
_c8099 _d8099 |
||
| 003 | AR-CdUCM | ||
| 008 | 190322b ||||| |||| 00| 0 spa d | ||
| 040 |
_aMUNICIPALIDAD PROVINCIAL DEL CUSCO _cBIBLIOTECA MUNICIPAL DEL CUSCO |
||
| 082 |
_a551.46 / _bC26 |
||
| 100 |
_aCarson, Rachel L. _922876 |
||
| 245 | _aEl mar que nos rodea / | ||
| 260 |
_aMéxico : _bAtlante, _c1952. |
||
| 300 |
_a278 páginas ; _c22 cm. |
||
| 505 | _aContenido : Parte primera : El mar cuna de la vida -- Parte segunda : La inquietud del mar -- Parte tercera : El hombre y el mar que lo rodea ... | ||
| 650 |
_aMar _9935 |
||
| 650 |
_aCiencia _92098 |
||
| 650 |
_aOcéano _91346 |
||
| 700 |
_aLanda, Rubén _96486 |
||
| 942 |
_2ddc _cLIBROS |
||
| 945 | _arah | ||